[Event "Ruhrgebiet Verbandsliga Gruppe 2 1819"]
[Site "Nordrheinwestfalen"]
[Date "2019.05.05"]
[Round "9.7"]
[White "Winzbeck, Frank"]
[Black "Sewarte, Jochen"]
[Result "1/2-1/2"]
[WhiteElo "1886"]
[BlackElo "1656"]
[PlyCount "30"]
[EventDate "2018.09.23"]
[EventType "team-tourn"]
[EventRounds "9"]
[EventCountry "GER"]
[SourceTitle "EXT 2022"]
[Source "ChessBase"]
[SourceDate "2021.10.06"]
[SourceVersion "1"]
[SourceVersionDate "2021.10.06"]
[SourceQuality "1"]
[WhiteTeam "Gladbeck SG"]
[BlackTeam "Hamm SV"]
[WhiteTeamCountry "GER"]
[BlackTeamCountry "GER"]

1. d4 d5 2. c4 e6 3. Nf3 Nf6 4. Bg5 Be7 5. e3 0-0 6. Nc3 b6 7. Bd3 dxc4 8. Bxc4 Bb7 9. 0-0 Nbd7 10. a4 c5 11. a5 bxa5 12. d5 Nb6 13. Be2 Nbxd5 14. Qa4 Qb6 15. Qxa5 Qxb2 1/2-1/2

[Event "Ruhrgebiet Verbandsbezirksliga Gr 1"]
[Site "Ruhrgebiet"]
[Date "2019.02.10"]
[Round "6.7"]
[White "Sewarte, Jochen"]
[Black "Grundmann, Wolfgang Udo"]
[Result "1/2-1/2"]
[WhiteElo "1646"]
[BlackElo "1649"]
[PlyCount "44"]
[EventDate "2018.09.30"]
[EventType "team-tourn"]
[EventRounds "9"]
[EventCountry "GER"]
[SourceTitle "EXT 2022"]
[Source "ChessBase"]
[SourceDate "2021.10.06"]
[SourceVersion "1"]
[SourceVersionDate "2021.10.06"]
[SourceQuality "1"]
[WhiteTeam "Hamm SV II"]
[BlackTeam "Kamen SV III"]
[WhiteTeamCountry "GER"]
[BlackTeamCountry "GER"]

1. e4 e5 2. Nf3 Nc6 3. Bc4 Bc5 4. 0-0 Nf6 5. Re1 d6 6. h3 0-0 7. c3 h6 8. d4 exd4 9. cxd4 Bb4 10. Nc3 Re8 11. Qb3 Qd7 12. d5 Nxd5 13. Bxd5 Bc5 14. Be3 Bb6 15. Rad1 Ne5 16. Nxe5 Rxe5 17. Bf4 Re7 18. e5 c6 19. Bf3 d5 20. Ne4 Qf5 21. Bg3 dxe4 22. Bxe4 Qe6 1/2-1/2

[Event "Ruhrgebiet Verbandsbezirksliga Gr 1"]
[Site "Ruhrgebiet"]
[Date "2018.11.11"]
[Round "3.7"]
[White "Sewarte, Jochen"]
[Black "Hellwig, Hugo"]
[Result "1-0"]
[WhiteElo "1643"]
[BlackElo "1526"]
[PlyCount "49"]
[EventDate "2018.09.30"]
[EventType "team-tourn"]
[EventRounds "9"]
[EventCountry "GER"]
[SourceTitle "EXT 2022"]
[Source "ChessBase"]
[SourceDate "2021.10.06"]
[SourceVersion "1"]
[SourceVersionDate "2021.10.06"]
[SourceQuality "1"]
[WhiteTeam "Hamm SV II"]
[BlackTeam "Hamm Koenigsspringer II"]
[WhiteTeamCountry "GER"]
[BlackTeamCountry "GER"]

1. e4 e5 2. Nf3 Nc6 3. Bc4 Bc5 4. 0-0 Nf6 5. Re1 0-0 6. c3 d6 7. h3 h6 8. d4 exd4 9. cxd4 Bb6 10. Nc3 Re8 11. b4 Bd7 12. Qb3 Rf8 13. e5 dxe5 14. dxe5 Nh7 15. Bb2 Nd4 16. Nxd4 Bxd4 17. Rad1 Bxc3 18. Bxc3 Qe8 19. e6 fxe6 20. Rxd7 Nf6 21. Bxe6+ Kh8 22. Bf5 Qh5 23. g4 Qxh3 24. Rxg7 c6 25. Rh7# 1-0

[Event "Ruhrgebiet Verbandsliga Gruppe 2 1718"]
[Site "Germany"]
[Date "2018.02.25"]
[Round "7.7"]
[White "Sewarte, Jochen"]
[Black "Grodotzki, Kenneth"]
[Result "0-1"]
[WhiteElo "1743"]
[BlackElo "1985"]
[PlyCount "58"]
[EventDate "2017.09.17"]
[EventType "team-tourn"]
[EventRounds "9"]
[EventCountry "GER"]
[SourceTitle "EXT 2022"]
[Source "ChessBase"]
[SourceDate "2021.10.06"]
[SourceVersion "1"]
[SourceVersionDate "2021.10.06"]
[SourceQuality "1"]
[WhiteTeam "Hamm SV"]
[BlackTeam "Muelheim Nord III"]
[WhiteTeamCountry "GER"]
[BlackTeamCountry "GER"]

1. e4 e6 2. Nf3 d5 3. d4 dxe4 4. Ng5 Nf6 5. Nc3 Bb4 6. Bb5+ c6 7. Ba4 Qa5 8. Bb3 Bxc3+ 9. bxc3 Qxc3+ 10. Bd2 Qxd4 11. c3 Qd3 12. Bc2 Qc4 13. Bb3 Qa6 14. Bc2 Nbd7 15. Nxe4 Nxe4 16. Bxe4 Nf6 17. Bf3 0-0 18. Qc2 e5 19. Be2 Qa3 20. Bd3 Bg4 21. f3 Bh5 22. Rb1 b6 23. c4 Qc5 24. Ke2 e4 25. Bxe4 Nxe4 26. Be3 Qe5 27. g4 Nc3+ 28. Kf2 Bg6 29. f4 Bxc2 0-1

[Event "Ruhrgebiet Verbandsklasse Gruppe 1 1718"]
[Site "Germany"]
[Date "2018.01.14"]
[Round "5.4"]
[White "Sewarte, Jochen"]
[Black "Uhlich, Wilfried"]
[Result "1/2-1/2"]
[WhiteElo "1743"]
[BlackElo "1831"]
[PlyCount "101"]
[EventDate "2017.09.17"]
[EventType "team-tourn"]
[EventRounds "9"]
[EventCountry "GER"]
[SourceTitle "EXT 2022"]
[Source "ChessBase"]
[SourceDate "2021.10.06"]
[SourceVersion "1"]
[SourceVersionDate "2021.10.06"]
[SourceQuality "1"]
[WhiteTeam "Hamm SV II"]
[BlackTeam "Drewer SG"]
[WhiteTeamCountry "GER"]
[BlackTeamCountry "GER"]

1. e4 c6 2. Nf3 d5 3. exd5 cxd5 4. d4 Nf6 5. Bf4 Bg4 6. Be2 e6 7. h3 Bxf3 8. Bxf3 Nc6 9. 0-0 Qb6 10. c3 Qxb2 11. Nd2 Qxc3 12. Nb3 Ba3 13. Bd2 Qd3 14. Be2 Qg6 15. h4 h5 16. Bg5 Nd7 17. Bd3 f5 18. Re1 0-0 19. Be2 Nf6 20. Bf3 Ng4 21. Qe2 Rfe8 22. Qb5 Qf7 23. Rad1 Qc7 24. g3 Bd6 25. Kg2 Kf7 26. Nc5 Nxd4 27. Rxd4 Bxc5 28. Rc1 Rac8 29. Bxd5 Qe5 30. Bxe6+ Rxe6 31. Rd7+ Kg6 32. Qxb7 Qe4+ 33. Qxe4 Rxe4 34. Rd5 Re2 35. Rcxc5 Rxf2+ 36. Kg1 Rxc5 37. Rxc5 Rxa2 38. Rc6+ Kf7 39. Bf4 a5 40. Rc5 g6 41. Rc7+ Ke6 42. Rc6+ Kd5 43. Rxg6 Ke4 44. Rc6 a4 45. Rc3 Kd4 46. Rf3 Ra1+ 47. Kg2 a3 48. Bd6 a2 49. Ra3 Ne3+ 50. Kh2 Nd5 51. Bf8 1/2-1/2

[Event "Ruhrgebiet Verbandsklasse Gruppe 1 1718"]
[Site "Germany"]
[Date "2017.12.03"]
[Round "4.3"]
[White "Sewarte, Jochen"]
[Black "Sharma, Danesh"]
[Result "0-1"]
[WhiteElo "1739"]
[BlackElo "1863"]
[PlyCount "88"]
[EventDate "2017.09.17"]
[EventType "team-tourn"]
[EventRounds "9"]
[EventCountry "GER"]
[SourceTitle "EXT 2022"]
[Source "ChessBase"]
[SourceDate "2021.10.06"]
[SourceVersion "1"]
[SourceVersionDate "2021.10.06"]
[SourceQuality "1"]
[WhiteTeam "Hamm SV II"]
[BlackTeam "Welper SV II"]
[WhiteTeamCountry "GER"]
[BlackTeamCountry "GER"]

1. e4 e5 2. Nf3 Nc6 3. Bc4 Nf6 4. Nc3 Be7 5. d4 d6 6. dxe5 Nxe5 7. Nxe5 dxe5 8. Qxd8+ Bxd8 9. 0-0 c6 10. a3 Ba5 11. b4 Bb6 12. Bb2 Bd4 13. Rfe1 Ke7 14. h3 Rd8 15. Kf1 a5 16. f3 Nh5 17. Red1 b5 18. Bd3 Rd6 19. Rdb1 Nf4 20. Nd1 Rg6 21. Bxd4 exd4 22. g4 Nxh3 23. c4 Nf4 24. Nf2 Nxd3 25. Nxd3 bxc4 26. Ne5 Re6 27. Nxc4 Ba6 28. Rc1 axb4 29. Kf2 Bxc4 30. Rxc4 Rxa3 31. Rxa3 bxa3 32. Rxd4 Rd6 33. Ra4 Rd3 34. Ke2 Rc3 35. f4 h6 36. e5 Ke6 37. Ra5 g6 38. Ra6 g5 39. Kd2 Rc4 40. Ke3 Rxf4 41. Rxc6+ Kxe5 42. Rxh6 Ra4 43. Rh1 a2 44. Ra1 Ra3+ 0-1

[Event "Ruhrgebiet Bezirksliga 16/17"]
[Site "Ruhrgebiet"]
[Date "2017.01.22"]
[Round "7.4"]
[White "Sewarte, Jochen"]
[Black "Kampmann, Michael"]
[Result "1-0"]
[WhiteElo "1694"]
[BlackElo "1597"]
[PlyCount "79"]
[EventDate "2016.08.28"]
[EventType "team-tourn"]
[EventRounds "11"]
[EventCountry "GER"]
[SourceTitle "EXT 2022"]
[Source "ChessBase"]
[SourceDate "2021.10.06"]
[SourceVersion "1"]
[SourceVersionDate "2021.10.06"]
[SourceQuality "1"]
[WhiteTeam "Hamm SV II"]
[BlackTeam "Luenen Horstmar SC II"]
[WhiteTeamCountry "GER"]
[BlackTeamCountry "GER"]

1. e4 c6 2. Nf3 d5 3. exd5 cxd5 4. Bb5+ Bd7 5. Nc3 e6 6. Ne5 Nf6 7. d4 Bxb5 8. Nxb5 a6 9. Nc3 Be7 10. 0-0 0-0 11. f4 Nc6 12. Be3 Bb4 13. Qd3 Bxc3 14. Qxc3 Rc8 15. Nxc6 Rxc6 16. Qd3 Ne4 17. f5 b5 18. c3 Qd7 19. f6 gxf6 20. Bh6 f5 21. Bxf8 Kxf8 22. Qh3 f6 23. Rf4 Rc7 24. Qh6+ Qg7 25. Qxg7+ Kxg7 26. g4 fxg4 27. Rxg4+ Kf8 28. a4 f5 29. Rh4 Ng5 30. Kf2 Ne4+ 31. Ke3 Nd6 32. Rh6 f4+ 33. Kxf4 Rf7+ 34. Kg4 Nf5 35. Rxe6 Ng7 36. Rxa6 h5+ 37. Kh3 Rf3+ 38. Kg2 Re3 39. Rf1+ Kg8 40. axb5 1-0

[Event "Ruhrgebiet Bezirksliga 16/17"]
[Site "Ruhrgebiet"]
[Date "2016.12.11"]
[Round "5.4"]
[White "Finke, Wolfgang"]
[Black "Sewarte, Jochen"]
[Result "1/2-1/2"]
[WhiteElo "1690"]
[BlackElo "1694"]
[PlyCount "101"]
[EventDate "2016.08.28"]
[EventType "team-tourn"]
[EventRounds "11"]
[EventCountry "GER"]
[SourceTitle "EXT 2022"]
[Source "ChessBase"]
[SourceDate "2021.10.06"]
[SourceVersion "1"]
[SourceVersionDate "2021.10.06"]
[SourceQuality "1"]
[WhiteTeam "Kamen SV III"]
[BlackTeam "Hamm SV II"]
[WhiteTeamCountry "GER"]
[BlackTeamCountry "GER"]

1. Nc3 e5 2. Nf3 Nc6 3. d4 exd4 4. Nxd4 Bb4 5. Nxc6 Bxc3+ 6. bxc3 bxc6 7. e3 Qf6 8. Bb2 Ne7 9. Bd3 d6 10. Rb1 Be6 11. c4 Qg5 12. 0-0 0-0 13. Bd4 c5 14. Bc3 Rab8 15. f4 Qh6 16. e4 f5 17. Rxb8 Rxb8 18. Qf3 Qg6 19. Re1 Qf7 20. Qe2 Nc6 21. exf5 Bxf5 22. Bxf5 Qxf5 23. g4 Qd7 24. Qe4 Qxg4+ 25. Kh1 Qd7 26. Rg1 Nd4 27. Bxd4 cxd4 28. Qxd4 Qc6+ 29. Qd5+ Qxd5+ 30. cxd5 Rb2 31. Rc1 Rxa2 32. Kg2 Kf7 33. Kf3 Kf6 34. Ke4 Ra4+ 35. c4 Ra2 36. c5 Ra4+ 37. Ke3 Ke7 38. cxd6+ Kxd6 39. Rc6+ Kd7 40. f5 Rh4 41. Rc2 a5 42. Rg2 g6 43. fxg6 hxg6 44. Rxg6 Rxh2 45. Ra6 Ra2 46. Kd4 Ra1 47. Kc5 a4 48. Kb4 a3 49. Kb3 Ke7 50. Rc6 Kd7 51. Ra6 1/2-1/2

[Event "Ruhrgebiet Bezirksliga 15/16"]
[Site "Ruhrgebiet"]
[Date "2016.04.03"]
[Round "9.5"]
[White "Sewarte, Jochen"]
[Black "Grundmann, Wolfgang Udo"]
[Result "1/2-1/2"]
[WhiteElo "1645"]
[BlackElo "1655"]
[PlyCount "76"]
[EventDate "2015.08.30"]
[EventType "team-tourn"]
[EventRounds "9"]
[EventCountry "GER"]
[SourceTitle "EXT 2022"]
[Source "ChessBase"]
[SourceDate "2021.10.06"]
[SourceVersion "1"]
[SourceVersionDate "2021.10.06"]
[SourceQuality "1"]
[WhiteTeam "Hamm SVg II"]
[BlackTeam "Kamen SV III"]
[WhiteTeamCountry "GER"]
[BlackTeamCountry "GER"]

1. e4 e5 2. Nf3 Nc6 3. Bc4 Bc5 4. 0-0 Nf6 5. c3 0-0 6. d4 exd4 7. cxd4 Be7 8. e5 Ne4 9. d5 Na5 10. Bd3 f5 11. Nbd2 Nxd2 12. Bxd2 b6 13. Bxa5 bxa5 14. Nd4 Bb7 15. Nxf5 Bxd5 16. Qg4 g6 17. Nh6+ Kg7 18. Nf5+ Kh8 19. Nd4 Bc5 20. Rac1 Bxd4 21. Qxd4 c6 22. Rc5 Kg8 23. a3 Rb8 24. Rc2 Qb6 25. Qg4 Be6 26. Bc4 Rbe8 27. Rd2 Qc7 28. Rd6 Rf5 29. Bxe6+ Rxe6 30. Rxe6 dxe6 31. f4 Qb6+ 32. Rf2 Qe3 33. g3 Kg7 34. Qd1 Rf7 35. Kg2 Qe4+ 36. Qf3 Qd5 37. Rc2 Rb7 38. Qxd5 cxd5 1/2-1/2

[Event "Dortmund Sparkassen op-B"]
[Site "Dortmund"]
[Date "2015.06.30"]
[Round "4"]
[White "Wortmann, Eric"]
[Black "Sewarte, Jochen"]
[Result "0-1"]
[WhiteElo "1579"]
[BlackElo "1728"]
[PlyCount "87"]
[EventDate "2015.06.27"]
[EventType "swiss"]
[EventRounds "9"]
[EventCountry "GER"]
[SourceTitle "CBM 167 Extra"]
[Source "ChessBase"]
[SourceDate "2015.09.14"]
[SourceVersion "1"]
[SourceVersionDate "2015.09.14"]
[SourceQuality "1"]

1. c4 c5 2. g3 Nc6 3. Bg2 Nf6 4. Nc3 e6 5. e4 d6 6. Nge2 h5 7. d4 cxd4 8. Nxd4 Qb6 9. Ndb5 Ne5 10. Be3 Qd8 11. c5 dxc5 12. Qxd8+ Kxd8 13. 0-0-0+ Nfd7 14. h3 Nc4 15. b3 Nxe3 16. fxe3 a6 17. Nd6 Bxd6 18. Rxd6 Ke7 19. Rhd1 b5 20. e5 Rb8 21. Rc6 c4 22. bxc4 Nxe5 23. Rc7+ Bd7 24. Bc6 Rhd8 25. cxb5 axb5 26. Bxb5 Rbc8 27. Rxc8 Rxc8 28. Kb2 Bxb5 29. Nxb5 Rb8 30. a4 Nc4+ 31. Kc3 Nxe3 32. Ra1 f5 33. Na7 Rb7 34. Nc6+ Kd6 35. Nd4 e5 36. Nb5+ Kc5 37. Re1 Nd5+ 38. Kd2 e4 39. Rc1+ Kb4 40. Nd6 Rd7 41. Nxf5 Ne7+ 42. Ke3 Nxf5+ 43. Kxe4 Nxg3+ 44. Kf4 0-1

[Event "Ruhrgebiet Verbandsliga1 1213"]
[Site "Nordrheinwestfalen"]
[Date "2012.09.02"]
[Round "1"]
[White "Sewarte, Jochen"]
[Black "Mackowiak, Sascha"]
[Result "1/2-1/2"]
[WhiteElo "1595"]
[BlackElo "1866"]
[PlyCount "59"]
[EventDate "2012.09.02"]
[EventType "team-tourn"]
[EventRounds "9"]
[EventCountry "GER"]
[SourceTitle "EXT 2020"]
[Source "ChessBase"]
[SourceDate "2019.10.17"]
[SourceVersion "1"]
[SourceVersionDate "2019.10.17"]
[SourceQuality "1"]
[WhiteTeam "Hamm SVg"]
[BlackTeam "Bochum SV II"]
[WhiteTeamCountry "GER"]
[BlackTeamCountry "GER"]

1. e4 e6 2. d4 d5 3. exd5 exd5 4. Bd3 Bd6 5. Nf3 Nc6 6. 0-0 Bg4 7. c3 Nge7 8. Bg5 f6 9. Be3 Qd7 10. Nbd2 0-0-0 11. b4 Ng6 12. Re1 Kb8 13. a4 Nf4 14. Bf1 h5 15. a5 g5 16. b5 Ne7 17. b6 cxb6 18. axb6 axb6 19. Qb3 Bxf3 20. Nxf3 Nc8 21. c4 h4 22. c5 bxc5 23. dxc5 Be5 24. Nd4 Ne7 25. c6 Nxc6 26. Nxc6+ Qxc6 27. Ba7+ Ka8 28. Bd4+ Kb8 29. Ba7+ Ka8 30. Bd4+ 1/2-1/2